Novosibirsk Metro, Russia - All Stations - Statistics

General Stats
  • This quiz has been taken 36 times
  • The average score is 7 of 13
Answer Stats
Line Answer % Correct
Leninskaya Rechnoy Vokzal
81%
Leninskaya Studencheskaya
73%
Leninskaya Gagarinskaya
65%
Dzerzhinskaya Sibirskaya
65%
Dzerzhinskaya Zolotaya Niva
65%
Leninskaya Oktyabrskaya
62%
Leninskaya Krasny Prospekt
58%
Leninskaya Ploshchad Lenina
54%
Leninskaya Zayeltsovskaya
54%
Leninskaya Ploshchad Marksa
46%
Dzerzhinskaya Marshala Pokryshkina
42%
Dzerzhinskaya Beryozovaya Roshcha
27%
Dzerzhinskaya Ploshchad Garina-Mikhailovskogo
27%
No matching quizzes found
Score Distribution
Percent of People with Each Score
Percentile by Number Answered
Your Score History
You have not taken this quiz